000 00488nam a2200217Ia 4500
003 0100
008 130303s9999 xx 000 0 und d
020 _a0192854089
040 _cARRUPELIB
050 _aB485.B35 2000
100 _aBarnes, Jonathan
245 _aAristotle
245 _ba very short introduction
260 _aOxford
260 _bOxford University Press
260 _C2000
300 _a160p.
300 _b 18cm.
650 _aPHILOSOPHY
942 0 0 _011
999 _c15857
_d15857